Revista de la Universidad Nacional de Córdoba (Registro nro. 8639)
[ vista simple ]
| 000 -LEADER | |
|---|---|
| fixed length control field | 00871nas a2200253 454500 |
| 001 - CONTROL NUMBER | |
| control field | 28182 |
| 005 - DATE AND TIME OF LATEST TRANSACTION | |
| control field | 20260407193507.0 |
| 008 - FIXED-LENGTH DATA ELEMENTS--GENERAL INFORMATION | |
| fixed length control field | 260407s1960####ag###########|||spa#d |
| 003 - CONTROL NUMBER IDENTIFIER | |
| control field | AR-UNSa-BCEJYS |
| 040 ## - CATALOGING SOURCE | |
| Original cataloging agency | AR-UNSa-BCEJYS |
| Language of cataloging | spa |
| Transcribing agency | AR-UNSa-BCEJYS |
| 080 ## - UNIVERSAL DECIMAL CLASSIFICATION NUMBER | |
| Universal Decimal Classification number | 378 |
| Common auxiliary subdivision | Enseñanza superior. Universidades. Escuelas especiales |
| 100 1# - MAIN ENTRY--PERSONAL NAME | |
| Personal name | Montserrat, Santiago |
| 245 10 - TITLE STATEMENT | |
| Title | Revista de la Universidad Nacional de Córdoba |
| 264 #1 - PRODUCTION, PUBLICATION, DISTRIBUTION, MANUFACTURE, AND COPYRIGHT NOTICE | |
| Place of production, publication, distribution, manufacture | Córdoba : |
| Name of producer, publisher, distributor, manufacturer | Universidad Nacional de Córdoba |
| Date of production, publication, distribution, manufacture, or copyright notice | 1960 |
| 310 ## - CURRENT PUBLICATION FREQUENCY | |
| Current publication frequency | Frecuencia: Bimestral |
| 590 ## - LOCAL NOTE (RLIN) | |
| Local note | niveau_biblio:s niveau_hierar:1 |
| 650 ## - SUBJECT ADDED ENTRY--TOPICAL TERM | |
| Topical term or geographic name entry element | UNIVERSIDADES |
| 650 ## - SUBJECT ADDED ENTRY--TOPICAL TERM | |
| Topical term or geographic name entry element | Investigación |
| 650 ## - SUBJECT ADDED ENTRY--TOPICAL TERM | |
| Topical term or geographic name entry element | Educación |
| 650 ## - SUBJECT ADDED ENTRY--TOPICAL TERM | |
| Topical term or geographic name entry element | Filosofía |
| 650 ## - SUBJECT ADDED ENTRY--TOPICAL TERM | |
| Topical term or geographic name entry element | CORDOBA |
| 856 41 - ELECTRONIC LOCATION AND ACCESS | |
| Uniform Resource Identifier | <a href="https://biblioeco.unsa.edu.ar/pmb/images/revistas/Revista de la Universidad Nacional de Cordoba-r13674.jpg">https://biblioeco.unsa.edu.ar/pmb/images/revistas/Revista de la Universidad Nacional de Cordoba-r13674.jpg</a> |
| Link text | Imagen de portada |
| Electronic format type | image/jpeg |
| 942 ## - ADDED ENTRY ELEMENTS (KOHA) | |
| Koha item type | |
| Withdrawn status | Lost status | Damaged status | Not for loan | Home library | Current library | Shelving location | Date acquired | Serial enumeration / chronology | Total checkouts | Full call number | Barcode | Date last seen | Price effective from | Koha item type |
|---|---|---|---|---|---|---|---|---|---|---|---|---|---|---|
| Biblioteca Prof. Eusebio Cleto del Rey | Biblioteca Prof. Eusebio Cleto del Rey | 01/07/1971 | Año 12, Nº 4/5 - jul./dic. 1971 | H378 COR a12.n4/5 | R13677 | 10/04/2026 | 10/04/2026 | Numero | ||||||
| Biblioteca Prof. Eusebio Cleto del Rey | Biblioteca Prof. Eusebio Cleto del Rey | 01/09/1966 | Año 7, Nº 4/5 - sep./dic. 1966 | H378 COR a7.n4/5 | R13676 | 10/04/2026 | 10/04/2026 | Numero | ||||||
| Biblioteca Prof. Eusebio Cleto del Rey | Biblioteca Prof. Eusebio Cleto del Rey | 01/05/1964 | Año 5, Nº 1/2 - mayo/jun. 1964 | H378 COR a5.n1/2 | R13675 | 10/04/2026 | 10/04/2026 | Numero | ||||||
| Biblioteca Prof. Eusebio Cleto del Rey | Biblioteca Prof. Eusebio Cleto del Rey | 01/03/1962 | Año 3, Nº 1/2 - mar./jun. 1962 | H378 COR a3.n1/2 | R13674 | 10/04/2026 | 10/04/2026 | Numero | ||||||
| Biblioteca Prof. Eusebio Cleto del Rey | Biblioteca Prof. Eusebio Cleto del Rey | 01/09/1961 | Año 2, Nº 4/5 - sep./dic. 1961 | H378 COR a2.n4/5 | R13673 | 10/04/2026 | 10/04/2026 | Numero | ||||||
| Biblioteca Prof. Eusebio Cleto del Rey | Biblioteca Prof. Eusebio Cleto del Rey | 01/07/1961 | Año 2, Nº 3 - jul./ago. 1961 | H378 COR a2.n3 | R13672 | 10/04/2026 | 10/04/2026 | Numero | ||||||
| Biblioteca Prof. Eusebio Cleto del Rey | Biblioteca Prof. Eusebio Cleto del Rey | 01/03/1960 | Año 1, Nº 1 - mar./abr. 1960 | H378 COR a1.n1 | R13669 | 10/04/2026 | 10/04/2026 | Numero |